000 00289 a2200145 4500
001 180773
020 _a
040 _cMagnum
100 _aLa Fontaine
240 1 0 _aO anao pao-duro
_lpor
245 1 0 _aO anao pao-duro
362 0 _a1899
697 _aMAGNITO: I/FABULAS
942 _cBK
999 _c180773
_d180773